The Rampur Raza Mystery (Record no. 212162)

MARC details
000 -LEADER
fixed length control field 00563nam a22001937a 4500
005 - DATE AND TIME OF LATEST TRANSACTION
control field 20250707125107.0
010 ## - LCCN (DPL NO)
LC control number ENG-145733
020 ## - INTERNATIONAL STANDARD BOOK NUMBER
International Standard Book Number 9789357431736
Terms of availability 145.00
035 ## - SYSTEM CONTROL NUMBER
System control number EN-129265
037 ## - SOURCE OF ACQUISITION
Source of stock number/acquisition DBAD/
082 ## - DEWEY DECIMAL CLASSIFICATION NUMBER
Classification number 025.4
100 ## - MAIN ENTRY--PERSONAL NAME
Personal name Manjiri Prabhu
245 ## - TITLE STATEMENT
Title The Rampur Raza Mystery
Statement of responsibility, etc Manjiri Prabhu
260 ## - PUBLICATION, DISTRIBUTION, ETC. (IMPRINT)
Name of publisher, distributor, etc National Book Trust
Place of publication, distribution, etc New Delhi
270 ## - ADDRESS
Address Nehru Bhawan,5 Institutional Area, Phase-2 , Basant Kunj , Delhi-110070
300 ## - PHYSICAL DESCRIPTION
Extent 164 p.
Dimensions 21.5m(pb)
700 ## - ADDED ENTRY--PERSONAL NAME
9 (RLIN) 82641
942 ## - ADDED ENTRY ELEMENTS (KOHA)
Source of classification or shelving scheme Dewey Decimal Classification
Item type English Books
Classification part 025.4
Call number suffix Pra
Holdings
Withdrawn status Lost status Not for loan Collection code Home library Current library Date acquired Source of acquisition Cost, normal purchase price Full call number Barcode Copy number Cost, replacement price Koha item type
    Not For Loan Non-fiction D.B.Act.Division D.B.Act.Division 07/07/2025 DBAD 599.00 025.4 Pra EN-129290 1 599.00 English Books
      Non-fiction Mobile Library Mobile Library 07/07/2025 DBAD 145.00 025.4 Pra EN-129265 1 145.00 English Books

© Delhi Public Library
Hit Counter
free hit counter